The Happy Fits - Mary Lyrics - Statistics

General Stats
  • This quiz has been taken 5 times
  • The average score is 263 of 321
Answer Stats
Answer % Correct
a
100%
an
100%
and
100%
animal
100%
as
100%
but
100%
But
100%
Can
100%
can
100%
cannibal
100%
come
100%
dress
100%
feel
100%
her
100%
I
100%
just
100%
kill
100%
lamb
100%
like
100%
little
100%
lonely
100%
Mary's
100%
me
100%
of
100%
on
100%
she
100%
She
100%
She's
100%
sick
100%
Taste
100%
the
100%
they
100%
to
100%
top
100%
trying
100%
want
100%
What's
100%
with
100%
you
100%
your
100%
be
80%
blood
80%
Cold
80%
company
80%
drink
80%
is
80%
love
80%
matter
80%
see
80%
that
80%
tongue
80%
Well
80%
Abuse
60%
anything
60%
away
60%
blooded
60%
can't
60%
cigarette
60%
day
60%
fill
60%
life
60%
loving
60%
mess
60%
out
60%
plain
60%
sensitive
60%
She'll
60%
silicone
60%
take
60%
terrible
60%
There
60%
cruel
40%
disease
40%
Don't
40%
ivory
40%
jet
40%
keys
40%
lead
40%
loner
40%
made
40%
man
40%
need
40%
oh
40%
Oh
40%
or
40%
rolled
40%
Stop
40%
than
40%
those
40%
you'll
40%
you've
40%
always
20%
Are
20%
fuel
20%
more
20%
running
20%
use
20%
would
20%
No matching quizzes found
Score Distribution
Percent of People with Each Score
Percentile by Number Answered
Your Score History
You have not taken this quiz